Music Quiz

Random Music or Album Quiz
Score 0/117 Timer 12:00
0 Plays Today
Album Song % Correct
Michael Jackson - ThrillerThriller
80.8%
Nirvana - NevermindSmells Like Teen Spirit
78.5%
The Clash - London CallingLondon Calling
75.5%
Bruce Springsteen - Born to RunBorn to Run
72.1%
Michael Jackson - ThrillerBillie Jean
60%
Michael Jackson - ThrillerBeat It
52.6%
Beatles - Abbey RoadSomething
49.8%
Nirvana - NevermindLithium
48.6%
Beatles - Abbey RoadCome Together
48.5%
David Bowie - The Rise and Fall of Ziggy Stardust and the Spiders From MarsZiggy Stardust
47.9%
Nirvana - NevermindCome As You Are
47.1%
Sex Pistols - Never Mind the Bollocks, Here's the...Anarchy in the UK
46.6%
U2 - The Joshua TreeWith or Without You
43.9%
Beatles - Abbey RoadHere Comes The Sun
43.8%
Sex Pistols - Never Mind the Bollocks, Here's the...God Save the Queen
43.8%
U2 - The Joshua TreeWhere the Streets Have No Name
40.9%
Beatles - Abbey RoadMaxwell's Silver Hammer
40.7%
Beatles - Abbey RoadThe End
40%
The Who - Who's NextBaba O'Riley
40%
Beatles - Abbey RoadOctopus's Garden
39.2%
Bob Dylan - Highway 61 RevisitedLike a Rolling Stone
38%
Beatles - Abbey RoadHer Majesty
37.4%
The Who - Who's NextWon't Get Fooled Again
37%
Beatles - Abbey RoadMean Mr. Mustard
36.3%
Beatles - Abbey RoadPolythene Pam
36.3%
Beatles - Abbey RoadShe Came In Through The Bathroom Window
35.6%
U2 - The Joshua TreeI Still Haven't Found What I'm Looking For
34.9%
Nirvana - NevermindPolly
34.7%
Beatles - Abbey RoadI Want You (She's So Heavy)
33.6%
Nirvana - NevermindIn Bloom
33.3%
Beatles - Abbey RoadGolden Slumbers
33%
Beatles - Abbey RoadCarry That Weight
32.9%
Bruce Springsteen - Born to RunThunder Road
32.2%
Beatles - Abbey RoadSun King
31.2%
The Clash - London CallingTrain in Vain
31.1%
The Who - Who's NextBehind Blue Eyes
29.9%
Beatles - Abbey RoadBecause
28.9%
Michael Jackson - ThrillerP.Y.T. (Pretty Young Thing)
28.7%
Beatles - Abbey RoadYou Never Give Me Your Money
28.6%
Album Song % Correct
Beatles - Abbey RoadOh! Darling
28.5%
David Bowie - The Rise and Fall of Ziggy Stardust and the Spiders From MarsStar
25.5%
The Clash - London CallingLost in the Supermarket
24.6%
Nirvana - NevermindSomething in the Way
23.6%
Michael Jackson - ThrillerThe Girl is Mine
23.6%
David Bowie - The Rise and Fall of Ziggy Stardust and the Spiders From MarsStarman
23.3%
Bob Dylan - Highway 61 RevisitedHighway 61 Revisited
22.6%
Nirvana - NevermindTerritorial Pissings
22.3%
Bruce Springsteen - Born to RunJungleland
22%
Nirvana - NevermindBreed
21.7%
The Clash - London CallingThe Guns of Brixton
21.4%
David Bowie - The Rise and Fall of Ziggy Stardust and the Spiders From MarsSuffragette City
20.8%
The Clash - London CallingSpanish Bombs
20.2%
Bruce Springsteen - Born to RunTenth Avenue Freeze-out
20.1%
Nirvana - NevermindOn a Plain
20%
U2 - The Joshua TreeBullet the Blue Sky
20%
Michael Jackson - ThrillerWanna Be Startin' Somethin'
19.7%
Sex Pistols - Never Mind the Bollocks, Here's the...Pretty Vacant
19.5%
The Clash - London CallingJimmy Jazz
19.3%
The Clash - London CallingRudie Can't Fail
19.2%
The Who - Who's NextBargain
19.2%
The Clash - London CallingBrand New Cadillac
19.1%
Nirvana - NevermindDrain You
18.4%
David Bowie - The Rise and Fall of Ziggy Stardust and the Spiders From MarsFive Years
17.5%
The Who - Who's NextMy Wife
17.1%
Michael Jackson - ThrillerHuman Nature
17.1%
Sex Pistols - Never Mind the Bollocks, Here's the...E.M.I.
16.2%
The Who - Who's NextGoing Mobile
15.7%
The Clash - London CallingHateful
15.7%
The Clash - London CallingKoka Kola
15.6%
David Bowie - The Rise and Fall of Ziggy Stardust and the Spiders From MarsRock 'n' Roll Suicide
15.5%
The Clash - London CallingClampdown
15.4%
Bob Dylan - Highway 61 RevisitedDesolation Row
15.2%
Sex Pistols - Never Mind the Bollocks, Here's the...Holidays in the Sun
15.1%
David Bowie - The Rise and Fall of Ziggy Stardust and the Spiders From MarsLady Stardust
14.9%
David Bowie - The Rise and Fall of Ziggy Stardust and the Spiders From MarsMoonage Day Dream
14.8%
Sex Pistols - Never Mind the Bollocks, Here's the...Bodies
14.5%
Nirvana - NevermindLounge Act
14.5%
Bruce Springsteen - Born to RunBackstreets
13.5%
Album Song % Correct
U2 - The Joshua TreeOne Tree Hill
13.5%
Bruce Springsteen - Born to RunShe's the One
13.4%
The Clash - London CallingDeath or Glory
13.2%
U2 - The Joshua TreeRed Hill Mining Town
13%
The Clash - London CallingThe Card Cheat
13%
Nirvana - NevermindStay Away
12.8%
The Clash - London CallingRevolution Rock
12.7%
U2 - The Joshua TreeIn God's Country
12.6%
The Clash - London CallingWrong 'Em Boyo
12.4%
Bob Dylan - Highway 61 RevisitedBallad of a Thin Man
12.3%
The Clash - London CallingLover's Rock
11.8%
The Who - Who's NextGetting In Tune
11.8%
Bruce Springsteen - Born to RunMeeting Across the River
11.7%
Bruce Springsteen - Born to RunNight
11.7%
The Clash - London CallingFour Horsemen
11.6%
Bob Dylan - Highway 61 RevisitedTombstone Blues
11.6%
U2 - The Joshua TreeRunning to Stand Still
11.3%
The Who - Who's NextThe Song Is Over
11.2%
The Clash - London CallingThe Right Profile
11.2%
U2 - The Joshua TreeMothers of the Disappeared
11.1%
U2 - The Joshua TreeExit
10%
The Who - Who's NextLove Ain't For Keeping
10%
David Bowie - The Rise and Fall of Ziggy Stardust and the Spiders From MarsSoul Love
9.8%
Bob Dylan - Highway 61 RevisitedQueen Jane Approximately
9.7%
The Clash - London CallingI'm Not Down
9.5%
Bob Dylan - Highway 61 RevisitedJust Like Tom Thumb's Blues
9.4%
U2 - The Joshua TreeTrip Through Your Wires
9%
David Bowie - The Rise and Fall of Ziggy Stardust and the Spiders From MarsHang on to Yourself
8.8%
Sex Pistols - Never Mind the Bollocks, Here's the...Submission
8.7%
Sex Pistols - Never Mind the Bollocks, Here's the...New York
8.7%
Bob Dylan - Highway 61 RevisitedIt Takes a Lot to Laugh, It Takes a Train to Cry
8.6%
David Bowie - The Rise and Fall of Ziggy Stardust and the Spiders From MarsIt Ain't Easy
8.3%
Bob Dylan - Highway 61 RevisitedFrom a Buick 6
8.2%
Sex Pistols - Never Mind the Bollocks, Here's the...Liar
8.1%
Michael Jackson - ThrillerThe Lady in My Life
8%
Michael Jackson - ThrillerBaby Be Mine
8%
Sex Pistols - Never Mind the Bollocks, Here's the...Seventeen
8%
Sex Pistols - Never Mind the Bollocks, Here's the...Problems
7.7%
Sex Pistols - Never Mind the Bollocks, Here's the...No Feelings
7.6%
Remove Ads.
Support Sporcle.
Get the best of Sporcle when you Go Orange. This ad-free experience offers more features, more stats, and more fun while also helping to support Sporcle. Thank you for becoming a member.

You're not logged in!

Compare scores with friends on all Sporcle quizzes.
OR
Log In

Show Comments

Extras

Top Quizzes Today


Score Distribution

Your Account Isn't Verified!

In order to create a playlist on Sporcle, you need to verify the email address you used during registration. Go to your Sporcle Settings to finish the process.

Report this User

Report this user for behavior that violates our Community Guidelines.

Details: